Wird geladen...
Samāntara sinemā aura Nasīruddīna Śāha /
On Indian parallel cinema (new cinema) and contribution of Naseeruddin Shah, b. 1950, Indian film actor and director.
| 1. Verfasser: | |
|---|---|
| Format: | Printed Book |
| Sprache: | Hindi |
| Veröffentlicht: |
Delhi:
Shivalik Prakashan,
c2014.
|
| Ausgabe: | Prathama saṃskaraṇa. |
| Schlagworte: |
| LEADER | 01716cam a2200385 i 4500 | ||
|---|---|---|---|
| 008 | 140207s2014 ii a b 000 0 hinod | ||
| 010 | |a 2014348094 | ||
| 020 | |a 8188808733 |c INR495.00 | ||
| 020 | |a 9788188808731 | ||
| 020 | |z 9788188808733 | ||
| 025 | |a I-H-2014-348094; 05 | ||
| 035 | |a (OCoLC)ocn871017523 | ||
| 035 | |a (OCoLC)871017523 | ||
| 042 | |a lccopycat |a lcode | ||
| 043 | |a a-ii--- | ||
| 082 | 0 | 4 | |a 791.430954 |2 23 |
| 100 | 1 | |a Khillana, Pūjā, | |
| 245 | 1 | 0 | |a Samāntara sinemā aura Nasīruddīna Śāha / |c Pūjā Khillana. |
| 250 | |a Prathama saṃskaraṇa. | ||
| 260 | |a Delhi: |b Shivalik Prakashan, |c c2014. | ||
| 300 | |a xxii, 153 pages : |b illustrations ; |c 22 cm | ||
| 500 | |a Originally presented as the author's thesis (Ph. D.--University of Delhi, 2013) under the title Samāntara sinemā kā bhāshika aura sāmājika adhyayana (viśesha sandarbha Nasīruddīna Śāha abhinīta philmeṃ). | ||
| 504 | |a Includes bibliographical references (pages 139-153). | ||
| 520 | |a On Indian parallel cinema (new cinema) and contribution of Naseeruddin Shah, b. 1950, Indian film actor and director. | ||
| 546 | |a In Hindi. | ||
| 650 | 0 | |a Motion pictures |z India |x History. | |
| 650 | 0 | |a Motion picture actors and actresses |z India. | |
| 650 | 0 | |a Motion picture producers and directors |z India. | |
| 653 | |a Cinema | ||
| 942 | |2 ddc |c BK | ||
| 600 | 1 | 0 | |a Shah, Naseeruddin |x Criticism and interpretation. |
| 906 | |a 7 |b cbc |c copycat |d 3 |e ncip |f 20 |g y-gencatlg | ||
| 955 | |i wd40 2015-05-21 to ASME |a cg00 2015-10-19 to ASME/SEASA | ||
| 999 | |c 247403 |d 247403 | ||
| 952 | |0 0 |1 0 |4 0 |6 791_430954000000000 |7 0 |9 274724 |a HIN |b HIN |c S-17 |d 2016-09-23 |i 24809 |l 0 |o 791.430954 |p HIN24809 |r 2016-09-23 |w 2016-09-23 |y BK | ||